HR Analysis: (Record no. 216134)

MARC details
000 -LEADER
fixed length control field 00599nam a2200181 4500
005 - DATE AND TIME OF LATEST TRANSACTION
control field 20260512120837.0
010 ## - LCCN (DPL NO)
LC control number ENG-148367
020 ## - INTERNATIONAL STANDARD BOOK NUMBER
International Standard Book Number 9789354240027
Terms of availability 850.00
035 ## - SYSTEM CONTROL NUMBER
System control number EN-131899
037 ## - SOURCE OF ACQUISITION
Source of stock number/acquisition DBAD
082 ## - DEWEY DECIMAL CLASSIFICATION NUMBER
Classification number 005.153
100 ## - MAIN ENTRY--PERSONAL NAME
Personal name Motwani, Bharti
245 ## - TITLE STATEMENT
Title HR Analysis:
Remainder of title Pratical Approch using Python/
Statement of responsibility, etc Bharti Motwani
260 ## - PUBLICATION, DISTRIBUTION, ETC. (IMPRINT)
Place of publication, distribution, etc New Delhi
Name of publisher, distributor, etc Wiley India Pvt.Ltd.
Date of publication, distribution, etc 2021
270 ## - ADDRESS
Address 4435-36/7,Ansari Road,Daryagnj,
City New Delhi
Postal code 110002
Telephone number 011-23275895,43630000
Electronic mail address csupport@wiley.com
300 ## - PHYSICAL DESCRIPTION
Extent 627p.
Dimensions 24cm(pb)
Other physical details ill.
942 ## - ADDED ENTRY ELEMENTS (KOHA)
Source of classification or shelving scheme Dewey Decimal Classification
Item type English Books
Classification part 005.153
Call number suffix MOT
Holdings
Withdrawn status Lost status Not for loan Collection code Home library Current library Date acquired Source of acquisition Cost, normal purchase price Full call number Barcode Copy number Cost, replacement price Koha item type
      Non-fiction Kasturba Gandhi Marg Kasturba Gandhi Marg 12/05/2026 Delivery of Books Act Division 850.00 005.153 MOT EN-131899 1 850.00 English Books

© Delhi Public Library
Hit Counter
free hit counter